| 000 | 00821cam a22001931 4500 | ||
|---|---|---|---|
| 082 |
_a940.4 _bLIC _cD |
||
| 100 | 1 |
_aLichnowsky, Karl Max, _949655 |
|
| 245 | 1 | 0 |
_aHeading for the abyss: reminiscences, _cby Prince Lichnowsky. |
| 260 |
_aLondon, _bConstable & co. ltd., _c1928. |
||
| 300 |
_axxvi, 471, [1] p. _bfront., ports. _c25 cm. |
||
| 500 | _a"Translated into English by Professor Sefton Delmer." | ||
| 500 | _aIncludes "My mission to London", previously published separately, also "England before the war", Lichnowsky's London dispatches, and other documents. | ||
| 526 |
_a0 _b0 _c0 _d940_400000000000000_LIC |
||
| 650 | 0 |
_aMCE _9379 |
|
| 650 | 0 |
_aWorld War, 1914-1918 _xCauses. _949656 |
|
| 650 | 0 |
_aWorld War, 1914-1918 _xDiplomatic history. _949657 |
|
| 700 | 1 |
_aDelmer, Frederic Sefton, _949658 |
|
| 942 |
_2ddc _cBK |
||
| 999 |
_c552447 _d552447 |
||